| 000 | 00656nam a2200205 i 4500 | ||
|---|---|---|---|
| 001 | 123773 | ||
| 003 | ES-MaACL | ||
| 005 | 20240425063221.0 | ||
| 007 | t| | ||
| 008 | 070214s1981 sp r ||||1| spa d | ||
| 080 | _a821.134.2-14"19" | ||
| 100 | 0 |
_aQuiñones, Fernando, _d1930-1998 _994750 |
|
| 245 | 1 | 0 |
_aMuro de las hetairas _b: también llamado fruto de afición o libro de las putas / _cFernando Quiñones. |
| 260 |
_aMadrid : _bHiperión, _c1981. |
||
| 300 |
_a64 p. ; _c21 cm. |
||
| 490 | 1 |
_aPoesía hiperión ; _v48 |
|
| 830 | 0 |
_aPoesía hiperión ; _v48 _9177326 |
|
| 852 |
_aES-MaACL _jL-2033 _bR.103100 |
||
| 999 |
_c123773 _d123773 |
||